Normal view
MARC view
- Andrews, J.
Entry Personal Name
001 - CONTROL NUMBER
- control field: 14648
003 - CONTROL NUMBER IDENTIFIER
- control field: OSt
005 - DATE AND TIME OF LATEST TRANSACTION
- control field: 20250825183631.0
008 - FIXED-LENGTH DATA ELEMENTS
- fixed length control field: 250825|| aca||aabn | a|a d
040 ## - CATALOGING SOURCE
- Original cataloging agency: OSt
- Transcribing agency: OSt
100 ## - HEADING--PERSONAL NAME
- Personal name: Andrews, J.
- Fuller form of name: (Julie)
670 ## - SOURCE DATA FOUND
- Source citation: Work cat.: (OSt)5796: Shetty, N. (Nandini) 14644, Infectious disease :, c2009.